000 01123cam a22003377a 4500
001 2447
005 20240927095139.0
020 _a9780756652067
020 _a0756652065
020 _a9780756652074
020 _a0756652073
040 _aCO2
_cCO2
_dCO2
_dOCLCQ
_dVP@
_dXL4
_dDLC
_beng
050 0 0 _aTK140.E3
_bA628 2009
082 0 4 _a621.3092
_aB
_222
100 1 _aAdkins, Jan
_d1944-
245 1 0 _aThomas Edison /
_cJan Adkins
250 _aFirst American Edition, 2009
260 _aNew York :
_bDK Publishing,
_c2009
300 _a128 pages :
_bcolor illustrations ;
_c21 cm
490 1 _aDK biography
505 _aZ
520 _aHighlights the life and accomplishments of the inventor of the phonograph, the electric light bulb, and many other devices.
521 _a1050
_bLexile
521 _aZ
_bRaz-Plus
650 0 _aInventors
_zUnited States
_vBiography
_vJuvenile literature.
650 0 _aElectrical engineers
_zUnited States
_vBiography
_vJuvenile literature.
650 1 _aInventors.
650 1 _aElectrical engineers.
906 _a7
_bcbc
_ccopycat
_d2
_encip
_f20
_gy-gencatlg
942 _2ddc
_cBK
_n0
999 _c2447
_d2447